000 01257nam a22002657a 4500
003 Uzh_bibl
008 260401b |||||||| |||| 00| 0 ukr d
020 _a978-966-8826-68-9
_c101.00
040 _bукр.
041 _2ukr
_aukr
080 _a59
090 _a59
_bП 39
100 _a
245 _aПланета тварин.Книга необхідних знань
_cавтор-укладачТ.С.Жабська ;іл.Бутенко Л.А.
_hТекст
260 _aХарків
_bПромінь
_c2012
300 _a64 с.
_bіл.
_fВ опр.
490 _aСерія"Ерудит"
520 _aКнига корисна як дітям, так і дорослим. Дітям вона допоможе сформувати чітку структуру знань, яку можна буде протягом усього життя доповнювати новою інформацією. Дорослим - запропонує цікаві теми для роздумів.
521 _aДля широкого кола читачів
546 _aукр.
650 _aНауково-популярне видання
653 _aПтахи
_aРиби
_aАмфібії
655 _aДовідник
942 _2udc
_cBK
999 _c17242
_d17242